BHARATIYA SAKSHYA ADHINIYAM, 2023 [ACT 47 OF 2023] Repealing Indian Evidence Act, 1872 (Record no. 9072)

MARC details
000 -LEADER
fixed length control field 00475nam a22001697a 4500
005 - DATE AND TIME OF LATEST TRANSACTION
control field 20260310164445.0
008 - FIXED-LENGTH DATA ELEMENTS--GENERAL INFORMATION
fixed length control field 260310b |||||||| |||| 00| 0 eng d
020 ## - INTERNATIONAL STANDARD BOOK NUMBER
ISBN 978-81-19415-34-2
041 ## - LANGUAGE CODE
Language code of text/sound track or separate title eng
082 ## - DEWEY DECIMAL CLASSIFICATION NUMBER
Classification number 347.090 SIN-B
100 ## - MAIN ENTRY--AUTHOR NAME
Personal name SINGH, DR. AVTAR
245 ## - TITLE STATEMENT
Title BHARATIYA SAKSHYA ADHINIYAM, 2023 [ACT 47 OF 2023] Repealing Indian Evidence Act, 1872
260 ## - PUBLICATION, DISTRIBUTION, ETC. (IMPRINT)
Place of publication PRAYAGRAJ
Name of publisher CENTRAL LAW PUBLICATIONS
300 ## - PHYSICAL DESCRIPTION
Number of Pages 655;P
650 ## - SUBJECT ADDED ENTRY--TOPICAL TERM
Topical Term LAW
942 ## - ADDED ENTRY ELEMENTS (KOHA)
Koha item type Books
Holdings
Lost status Damaged status Collection code Home library Current library Shelving location Date acquired Source of acquisition Cost, normal purchase price Serial Enumeration / chronology Full call number Accession Number Koha item type
    LAW JRU Library JRU Library Reference Section 09/03/2026 PURCHASE 690.00 LBI/000882 DATE-06/03/2026 347.090 SIN 29337 Books
    LAW JRU Library JRU Library SHELF-29-B 09/03/2026 PURCHASE 690.00 LBI/000882 DATE-06/03/2026 347.090 SIN 29338 Books
    LAW JRU Library JRU Library SHELF-29-B 09/03/2026 PURCHASE 690.00 LBI/000882 DATE-06/03/2026 347.090 SIN 29339 Books